00498nam a2200169Ia 4500003000400000005001700004008004100021040000900062082001900071100002700090245008400117260003700201300001000238650002100248942004400269999001500313OSt20200127141004.0190216s9999||||xx |||||||||||||| ||und|| coclc a658.403bRAO/I aRao, K Venkata 91604 0aIntroduction To Quantitative Techniques And Data Processing /c K Venkata Rao bS Chand & Co,c1987.aNew Delhi: a258 p aComputer Science cBK2ddch658.403iRAO/Ik658.403mRAO/I c5447d5447